000 00392nam a2200181Ia 4500
003 0STCL
008 150530s9999 xx 000 0 und d
040 _aSTCL
_cSTCL
100 _aJohn Butler
245 _aThomas Hardy
250 _aFirst
260 _bCambridge university
_c1979
300 _a0
546 _aEnglish
942 _2ddc
_cBK
999 _c52434
_d52434
005 20220125170858.0